000 00488nam a2200205Ia 4500
008 170918s9999 xx 000 0 und d
020 _a9780439696548
050 _bD554 2004
100 _aDiConsiglio, John
245 _aFirst jobs :
245 _blife after high school /
245 _cJohn DiConsiglio.
260 _aNew York :
260 _bScholastic,
260 _c2004
300 _a48 pages :
300 _bcolored illustration ;
300 _c19cm.
500 _a340
999 _c341286
_d341286